Orientaciones básicas para el examen individual del delincuente adulto /

El documento presenta un análisis básico sobre el examen individual del delincuente adulto, en el que se pretende dar una guía personas iniciando su carrera psicológica acerca de los conceptos básicos sobre la delincuencia y como se perciben las personas delincuentes en un marco psicológico.

Salvato in:
Dettagli Bibliografici
Autore principale: Campos S., Armando
Natura: testo
Lingua:Spanish
Pubblicazione: San José: Escuela de Ciencias del Hombre de la Universidad de Costa Rica. CSUCA
Soggetti:
Tags: Aggiungi Tag
Nessun Tag, puoi essere il primo ad aggiungerne!!

MARC

LEADER 00000 a a2200000 04500
001 34649
003 cru CIDCACS/IIS
005 20231212090858.0
008 170518b xxu||||| |||| 00| 0 spa d
040 |c cru CIDCACS/IIS  |a cru CIDCACS/IIS 
090 |a 05.01.01 C186o  
100 |a Campos S., Armando  
245 |a Orientaciones básicas para el examen individual del delincuente adulto /   |c Armando Campos S. 
260 |a San José:   |b Escuela de Ciencias del Hombre de la Universidad de Costa Rica. CSUCA  
300 |a 13 páginas; 4 volúmenes 
520 |a El documento presenta un análisis básico sobre el examen individual del delincuente adulto, en el que se pretende dar una guía personas iniciando su carrera psicológica acerca de los conceptos básicos sobre la delincuencia y como se perciben las personas delincuentes en un marco psicológico. 
650 |a DELINCUENCIA  
650 |a CRIMINOLOGIA  
650 |a PSICOLOGIA  
942 |2 z  |c LI  |h 05.01.01 C186o   |i 00820  |6 050101_C186O_00820 
999 |c 4658  |d 4658